| 000 | 00000nam##2200000za#4500 |
| 001 | 9.698331 |
| 003 | CaOODSP |
| 005 | 20210705115228 |
| 007 | cr ||||||||||| |
| 008 | 150407|2013||||xxc|||||o f|0| 0 eng|d |
| 020 | |a978-1-55392-881-2 |
| 040 | |aCaOODSP|beng |
| 043 | |an-cn--- |
| 086 | 1 |aH118-91/2006E-PDF |
| 110 | 1 |aCanada. |bCanadian Institute for Health Information. |
| 245 | 10|aHow healthy are rural Canadians? : |h[electronic resource]|ban assessment of their health status and health determinants |
| 260 | |aOttawa - Ontario : |bCanadian Institute for Health Information |cc2006. |
| 300 | |a205p.|bfigs., graphs, references, tables |
| 500 | |a"... a pan-Canadian report that examines patterns of selected socio-demographic and economic characteristics, health status and health behaviours, focusing on the differences between rural and urban Canadians. The purpose of this report is to create a wider understanding of rural health needs and to inform and support programs and policies that will attend to these needs."--Page 19 of 205, Executive summary. |
| 590 | |a13-19-Supp|b2013-08-14 |
| 775 | 08|tComment se portent les Canadiens vivant en milieu rural? : |w(CaOODSP)9.642343 |
| 856 | 40|ahttp://publications.gc.ca|qPDF|s4746 KB|uhttps://publications.gc.ca/collections/collection_2013/icis-cihi/H118-91-2006-eng.pdf |